Trnavská katedrála tretie posolstvo Jána Pavla II. pre Slovensko

Bibliographic Details
Main Author: Ganaj, Slavko (Author)
Format: Article
Language:Slovak
Subjects:

MARC

LEADER 00000nab a2200000 a 4500
001 vtls001491205
003 SK-MaSNL
005 20260304133852.0
008 250505c2004 xo er p 000 00slo
015 |a SVKPORB2005/01 
035 |a (uuid)2381449d-51d6-4751-b8d4-65347ff482bd 
035 |a urn:nbn:sk:snk-abd4so 
035 |a (urnnbn)urn:nbn:sk:snk:ar-0027su 
040 |a SNKBUCL  |b slo  |c SNKBUCL  |e AACR2 
041 0 |a slo 
044 |a xo  |c SK 
080 |a 726.54(437.6)  |x (091)  |2 1997 
080 |a 94(437.6)"1211/1946"  |2 1997 
100 1 |a Ganaj, Slavko  |4 aut  |9 1055946 
245 1 0 |a Trnavská katedrála  |b tretie posolstvo Jána Pavla II. pre Slovensko  |c Slavko Ganaj 
300 |b Fotogr. 
610 2 7 |a Katedrála sv. Jána Krstiteľa (Trnava, Slovensko)  |2 svkpocl  |9 173502 
651 7 |a Trnava (Slovensko)  |2 svkpocl  |9 19407 
773 0 |t Slovo : časopis gréckokatolíckej cirkvi  |g Roč. XXXVI, č. 6-7 (2004), s. 12  |x 1335-7492 
850 |a Slovenská národná knižnica 
852 |a Slovenská národná knižnica 
954 |a odborná, vedecká literatúra pôvodná (slovenská)  |2 lita 
958 |a article17 
958 |a NT 
958 |a SK 
958 |a OND 
958 |a EUIPO 
999 |c 2904021  |d 2905951